<?xml version="1.0" encoding="UTF-8"?>
<marc:record xmlns:marc="http://www.loc.gov/MARC21/slim">
   <marc:leader>00000nam a2200000 a 4500</marc:leader>
   <marc:datafield ind1="1" ind2=" " tag="100">
      <marc:subfield code="a">Brisch, Karl Heinz</marc:subfield>
      <marc:subfield code="4">aut</marc:subfield>
      <marc:subfield code="e">Verfasser/-in</marc:subfield>
   </marc:datafield>
   <marc:datafield ind1=" " ind2=" " tag="653">
      <marc:subfield code="a">Erziehung / Ratgeber</marc:subfield>
   </marc:datafield>
   <marc:datafield ind1="0" ind2="0" tag="245">
      <marc:subfield code="a">SAFE - Sichere Ausbildung für Eltern</marc:subfield>
   </marc:datafield>
   <marc:datafield ind1="0" ind2="0" tag="245">
      <marc:subfield code="b">Sichere Bindung zwischen Eltern und Kind ; für Schwangerschaft und erste Lebensjahre</marc:subfield>
   </marc:datafield>
   <marc:datafield ind1="0" ind2="0" tag="245">
      <marc:subfield code="c">Brisch, Karl Heinz</marc:subfield>
   </marc:datafield>
   <marc:datafield ind1=" " ind2="1" tag="264">
      <marc:subfield code="c">2010</marc:subfield>
   </marc:datafield>
   <marc:datafield ind1="1" ind2=" " tag="520">
      <marc:subfield code="a">Mit SAFE® lernen Eltern bereits in der Schwangerschaft, feinfühlig, prompt und angemessen auf die Signale ihres Kindes zu reagieren. Dadurch entwickeln die Babys eine sichere Bindung als stabiles Fundament ihrer Persönlichkeit.&#xD;
SAFE® ist ein erfolgreiches, expandierendes Erziehungsprogramm - vom wichtigsten Autor im Bereich Bindungsforschung.&#xD;
&#xD;
SAFE® bietet die Grundlage für eine gute Eltern-Kind-Beziehung.&#xD;
Werdende und junge Eltern haben viele Fragen: Wie werde ich eine gute Mutter oder ein guter Vater? Müssen Eltern immer da sein, Kinderkrippe ja oder nein? Was tun, wenn die Eltern andere Bedürfnisse haben als das Baby? Wie entsteht Verwöhnung? Welche Grenzen braucht mein Baby? Was tun, wenn das Baby schreit und nicht einschlafen kann?&#xD;
&#xD;
Ein Buch, das Eltern in den ersten Lebensjahren ihres Kindes begleiten wird. Es ist die beste Basis dafür, dass Kinder lebenslang selbstsicher, belastbar und sozial kompetent sind.</marc:subfield>
   </marc:datafield>
   <marc:datafield ind1=" " ind2=" " tag="020">
      <marc:subfield code="a">9783608946017</marc:subfield>
      <marc:subfield code="9">9783608946017</marc:subfield>
   </marc:datafield>
   <marc:datafield ind1=" " ind2=" " tag="020">
      <marc:subfield code="a">3608946012</marc:subfield>
      <marc:subfield code="9">3608946012</marc:subfield>
   </marc:datafield>
   <marc:datafield ind1=" " ind2=" " tag="041">
      <marc:subfield code="a">ger</marc:subfield>
   </marc:datafield>
   <marc:datafield ind1=" " ind2=" " tag="338">
      <marc:subfield code="a">Band</marc:subfield>
   </marc:datafield>
   <marc:datafield ind1=" " ind2=" " tag="300">
      <marc:subfield code="a">176 S.</marc:subfield>
   </marc:datafield>
</marc:record>
